Chargement en cours...

Selected works /

Détails bibliographiques
Auteur principal: Nehru, Jawaharlal
Autres auteurs: Gopal S. (Éditeur intellectuel)
Format: Printed Book
Langue:English
Publié: Orient Longman, 1973.
Collection:v10
LEADER 00472nam a2200145Ia 4500
008 150624b xxu||||| |||| 00| 0 eng d
082 |a 923.254N 
100 |a Nehru, Jawaharlal 
245 |a Selected works /  |c Jawaharlal Nehru 
260 |b Orient Longman,  |c 1973. 
490 |a v10 
700 |a Gopal S.  |e editor. 
942 |c BK 
999 |c 8436  |d 8436 
952 |0 0  |1 0  |4 0  |6 923_000000000000000_254N_NEH_S  |7 0  |9 8435  |a UL  |b UL  |c SEC  |d 1998-09-01  |l 0  |o 923.254N NEH/S  |p 13483  |r 2012-10-27  |w 2012-10-27  |y BK